| 000 | 00650nam a2200193 a 4500 | ||
|---|---|---|---|
| 001 | 000010283 | ||
| 005 | 20200929162219.0 | ||
| 008 | 091006s1988 dr 000 p spa d | ||
| 040 |
_aDO-SdBNP _bspa _cBNPHU |
||
| 082 |
_a891.7 _bE93f |
||
| 100 | 1 |
_aEvtushenko, Evgueni _925297 |
|
| 245 | 1 | 0 |
_aFukú / _cEvgueni Evtushenko. |
| 260 |
_aSanto Domingo : _bFundación Cultural Dominicana, _c1988. |
||
| 300 |
_a144 p. : ; _c20 cm. |
||
| 500 | _aIncluye datos biográficos del autor en la contraportada del documento | ||
| 650 | 4 |
_aEvtushenko, evgueni _xCrítica e intrepetación _925298 |
|
| 650 | 4 |
_aPoesía rusa _925299 |
|
| 650 | 4 |
_aLiteratura rusa _94743 |
|
| 999 |
_c10042 _d10042 |
||